Teología de bolsillo : breve diccionario de la religión cristiana /

Ensayo desarrollado a través de conceptos relacionados con el cristianismo, que plantea una crítica sarcástica a la actitud de los teólogos, el clero y la Iglesia. El autor Barón de Holbach (1723-1789), fue un filósofo franco-alemán y enciclopedista ilustrado.

Guardado en:
Bibliografiske detaljer
Hovedforfatter: Holbach (autor)
Format: Bog
Sprog:spansk
Udgivet: Pamplona, España : Laetoli, 2015, c2015
Serier:(Los Ilustrados ; 11)
Fag:
Tags: Tilføj Tag
Ingen Tags, Vær først til at tagge denne postø!

MARC

LEADER 00000nam^a2200000^a^4500
001 000365395
005 20250521000000.0
009 20260310115642.195
020 |a 978-84-92422-83-8 
037 |a Acervo ITESO - Biblioteca 
041 |a ESP 
082 |a 230.  |b HOL 
100 |a Holbach,  |e (autor) 
245 1 0 |a Teología de bolsillo :  |b breve diccionario de la religión cristiana /  |c B. de Holbach ; epílogo de Marc Curran ; tr. por Iago Gómez Bellas. 
264 4 |a Pamplona, España :  |b Laetoli,  |c 2015, c2015 
300 |a 177 p. 
336 |a texto  |b txt  |2 rdacontenido 
337 |a sin mediación  |b n  |2 rdamedio 
338 |a volumen  |b nc  |2 rdasoporte 
440 4 |a (Los Ilustrados ;  |v 11) 
500 |a Traducción de: Théologie portative ou dictionnaire abregé de le religion chrétienne 
520 |a Ensayo desarrollado a través de conceptos relacionados con el cristianismo, que plantea una crítica sarcástica a la actitud de los teólogos, el clero y la Iglesia. El autor Barón de Holbach (1723-1789), fue un filósofo franco-alemán y enciclopedista ilustrado. 
649 |a XX 
650 |a Teología -  |x Historia y Crítica -  |x Tema Principal 
650 |a Cristianismo -  |x Historia y Crítica 
650 |a Filosofía y Religión 
650 |a Ilustración (Filosofía) -  |x Tema Principal 
650 |a Filosofía Moderna 
650 |a Filosofía Francesa 
910 |a Fondo General 
920 |a Impresos - Libros 
930 |a Colección General 
905 |a 101 
901 |a 0500259288  |b IT1  |c ACC  |i C148785  |u 20250521 
902 |a https://opac.biblio.iteso.mx/vufind/Record/000365395